Maire de Seine-Saint-Denis - Statistiques

Statistiques générales
  • Ce quiz a été pris 17 fois
  • Le résultat moyen est 5 sur 39
Statistiques - réponses
Commune Maire % Correct
Saint-Denis Mathieu Hanotin
40%
Montreuil Patrice Bessac
40%
Saint-Ouen-sur-Seine Karim Bouamrane
33%
Le Pré-Saint-Gervais Laurent Baron
33%
Les Lilas Lionel Benharous
33%
Pantin Bertrand Kern
27%
Bagnolet Tony Di Martino
27%
Drancy Aude Lagarde
20%
Noisy-le-Grand Brigitte Marsigny
20%
Clichy-sous-Bois Olivier Klein
20%
Bobigny Abdel Sadi
13%
Stains Azzedine Taïbi
13%
Aulnays-sous-Bois Bruno Beschizza
13%
La Courneuve Gilles Poux
13%
Aubervilliers Karine Franclet
13%
Noisy-le-Sec Olivier Sarrabeyrouse
13%
Livry-Gargan Pierre-Yves Martin
13%
Sevran Stéphane Blanchet
13%
Villetaneuse Dieunor Excellent
7%
Tremblay-en-France François Asensi
7%
Romainville François Dechy
7%
Le Bourget Jean-Baptiste Borsali
7%
Villemomble Jean-Michel Bluteau
7%
Le Raincy Jean-Michel Genestier
7%
Coubron Ludovic Toro
7%
L'Île-Saint-Denis Mohamed Gnabaly
7%
Les Pavillons-sous-Bois Philippe Dallier
7%
Dugny Quentin Gesell
7%
Neuilly-Plaisance Christian Demuynck
0%
Vaujours Dominique Bailly
0%
Gournay-sur-Marne Éric Schlegel
0%
Épinay-sur-Seine Hervé Chevreau
0%
Rosny-sous-Bois Jean-Paul Fauconnet
0%
Le Blanc-Mesnil Jean-Philippe Ranquet
0%
Villepinte Martine Valleton
0%
Gagny Rolin Cranoly
0%
Bondy Stephen Hervé
0%
Montfermeil Xavier Lemoine
0%
Neuilly-sur-Marne Zartoshte Bakhtiari
0%
Aucun quiz correspondant
Distribution des résultats
% des personnes avec chaque résultat
Percentile par nombre de réponses
Votre historique - résultats
Vous n’avez pas pris ce quiz